00690nam a2200193 a 450000100100000000500170001000800410002702000180006804000250008608200210011110000350013224501220016725000110028926000470030030000210034750000570036850000420042550400290046700002433520200930022924.0110126s2010 dr 000 0 spa d a9789945163513 aDO-SdBNPbspacBNPHU axxxbC957p, 20101 aCruz Pascual, Franciscod1956-10aParticipación comunitaria :bherramientas estratégica para una buena gestión escolar /cFrancisco Cruz Pascual. a2a ed. aSanto Domingo :bEdiciones Alandar,c2010. a178 p. ;c24 cm. aIncluye datos biográficos del autor en las solapas aIncluye notas al pie de las páginas aBibliografía : 173-178